<?xml version='1.0' encoding='UTF-8'?>
  <record xmlns="http://www.loc.gov/MARC21/slim">
    <leader>00000cam a2200000   4500</leader>
    <controlfield tag="001">ocm03590958</controlfield>
    <controlfield tag="003">OCoLC</controlfield>
    <controlfield tag="005">20251210024808.2</controlfield>
    <controlfield tag="008">780131s1898    gw f          000 0 ger d</controlfield>
    <datafield tag="040" ind1=" " ind2=" ">
      <subfield code="a">HDC</subfield>
      <subfield code="b">eng</subfield>
      <subfield code="c">HDC</subfield>
      <subfield code="d">OCLCG</subfield>
      <subfield code="d">OCLCQ</subfield>
      <subfield code="d">OCLCO</subfield>
      <subfield code="d">OCLCF</subfield>
      <subfield code="d">OCLCO</subfield>
      <subfield code="d">OCLCQ</subfield>
      <subfield code="d">OCLCL</subfield>
    </datafield>
    <datafield tag="029" ind1="1" ind2=" ">
      <subfield code="a">DEBSZ</subfield>
      <subfield code="b">277451825</subfield>
    </datafield>
    <datafield tag="029" ind1="1" ind2=" ">
      <subfield code="a">NLGGC</subfield>
      <subfield code="b">065189604</subfield>
    </datafield>
    <datafield tag="035" ind1=" " ind2=" ">
      <subfield code="a">(OCoLC)3590958</subfield>
    </datafield>
    <datafield tag="082" ind1="0" ind2="4">
      <subfield code="a">561.72</subfield>
      <subfield code="b">G287</subfield>
      <subfield code="1">https://id.oclc.org/worldcat/ddc/E3DmqGtVyTJpvPWrXMYGByb9fm</subfield>
    </datafield>
    <datafield tag="100" ind1="1" ind2=" ">
      <subfield code="a">Geinitz, Hanns Bruno,</subfield>
      <subfield code="d">1814-1900.</subfield>
      <subfield code="1">https://id.oclc.org/worldcat/entity/E39PBJk4BD9gGMtKf7g6fQhrbd</subfield>
    </datafield>
    <datafield tag="245" ind1="1" ind2="4">
      <subfield code="a">Die Calamarien der Steinkohlenformation und des Rotliegenden im Dresdener Museum;</subfield>
      <subfield code="b">Beiträge zur Systematik.</subfield>
    </datafield>
    <datafield tag="260" ind1=" " ind2=" ">
      <subfield code="a">Leipzig,</subfield>
      <subfield code="b">W. Engelmann,</subfield>
      <subfield code="c">1898.</subfield>
    </datafield>
    <datafield tag="300" ind1=" " ind2=" ">
      <subfield code="a">viii, 29 pages</subfield>
      <subfield code="b">1 plate</subfield>
      <subfield code="c">31 cm</subfield>
    </datafield>
    <datafield tag="336" ind1=" " ind2=" ">
      <subfield code="a">text</subfield>
      <subfield code="b">txt</subfield>
      <subfield code="2">rdacontent</subfield>
    </datafield>
    <datafield tag="337" ind1=" " ind2=" ">
      <subfield code="a">unmediated</subfield>
      <subfield code="b">n</subfield>
      <subfield code="2">rdamedia</subfield>
    </datafield>
    <datafield tag="338" ind1=" " ind2=" ">
      <subfield code="a">volume</subfield>
      <subfield code="b">nc</subfield>
      <subfield code="2">rdacarrier</subfield>
    </datafield>
    <datafield tag="490" ind1="1" ind2=" ">
      <subfield code="a">Mitteilungen aus dem Königlichen Mineralogisch-Geologischen und Prähistorischen Museum in Dresden.</subfield>
      <subfield code="v">14. Heft</subfield>
    </datafield>
    <datafield tag="650" ind1=" " ind2="0">
      <subfield code="a">Calamariales.</subfield>
    </datafield>
    <datafield tag="650" ind1=" " ind2="0">
      <subfield code="a">Paleobotany.</subfield>
    </datafield>
    <datafield tag="650" ind1=" " ind2="6">
      <subfield code="a">Paléobotanique.</subfield>
    </datafield>
    <datafield tag="650" ind1=" " ind2="7">
      <subfield code="a">Paleobotany.</subfield>
      <subfield code="2">fast</subfield>
      <subfield code="0">(OCoLC)fst01051324</subfield>
    </datafield>
    <datafield tag="758" ind1=" " ind2=" ">
      <subfield code="i">has work:</subfield>
      <subfield code="a">Die Calamarien der Steinkohlenformation und des Rotliegenden im Dresdener Museum (Text)</subfield>
      <subfield code="1">https://id.oclc.org/worldcat/entity/E39PCG7vvYJc7gjkfyfmx64Jfy</subfield>
      <subfield code="4">https://id.oclc.org/worldcat/ontology/hasWork</subfield>
    </datafield>
    <datafield tag="830" ind1=" " ind2="0">
      <subfield code="a">Mitteilungen aus dem Königlichen Mineralogisch-Geologischen und Prähistorischen Museum in Dresden. ;</subfield>
      <subfield code="v">14. Heft.</subfield>
    </datafield>
  </record>